Good counsell come from Scotland: or, A solemn and seasonable vvarning to all estates and degrees of persons throughout the land : for holding fast the League & Covenant with England, and avoyding every thing that may prove a snare and tentation to the breach thereof: by the Commissioners of the Generall Assembly. Edinb. 19. Decemb. 1646. The Commission of the General Assembly ordains this warning to be forthwith printed, and that thereafter it be sent to Presbyteries; requiring them, immediately after the receipt thereof, to cause every minister of their number read the same distinctly, and explain it to their people upon a Sabbath day in their severall kirks, and that they report accompt of their diligence with the first conveniencie: appointing in the mean time, that to morrow the same be read in all the kirks of this city. A. Ker.

Bibliographic Details
Corporate Author: Church of Scotland. General Assembly. Commission
Other Authors: Ker, A.
Format: eBook
Language:English
Published: Edinburgh : printed by Evan Tyler, printer to the Kings most Excellent Majesty, 1646.
Series:Early English books online.
Subjects:
Online Access:Connect to the full text of this electronic book

MARC

Tag First Indicator Second Indicator Subfields
LEADER 00000nam a2200000Ia 4500
001 in00004313613
005 20200812085038.0
006 m g d
007 cr bn |||a|bb|
008 920716s1646 stk o 00| | eng d
035 |a (UnM)99896879 
037 |a CL0037000102  |b ProQuest Information and Learning. 300 N. Zeeb Rd., Ann Arbor, MI 48106 
040 |a Cu-RivES  |c Cu-RivES  |d CStRLIN  |d Cu-RivES  |e dcrb  |d WaOLN 
110 2 |a Church of Scotland.  |b General Assembly.  |b Commission. 
245 1 0 |a Good counsell come from Scotland: or, A solemn and seasonable vvarning to all estates and degrees of persons throughout the land :  |b for holding fast the League & Covenant with England, and avoyding every thing that may prove a snare and tentation to the breach thereof: by the Commissioners of the Generall Assembly. Edinb. 19. Decemb. 1646. The Commission of the General Assembly ordains this warning to be forthwith printed, and that thereafter it be sent to Presbyteries; requiring them, immediately after the receipt thereof, to cause every minister of their number read the same distinctly, and explain it to their people upon a Sabbath day in their severall kirks, and that they report accompt of their diligence with the first conveniencie: appointing in the mean time, that to morrow the same be read in all the kirks of this city. A. Ker. 
246 2 |a Good counsell come from Scotland: or, A solemn and seasonable warning to all estates and degrees of persons throughout the land 
260 |a Edinburgh :  |b printed by Evan Tyler, printer to the Kings most Excellent Majesty,  |c 1646. 
300 |a 1 online resource ([2], 6 pages) 
336 |a text  |b txt  |2 rdacontent 
337 |a computer  |b c  |2 rdamedia 
338 |a online resource  |b cr  |2 rdacarrier 
500 |a Signed at end: A. Ker. 
500 |a Annotation on Thomason copy: "Jan 4th". 
500 |a Reproduction of original in the Folger Shakespeare Library, Washington, D.C.. 
510 4 |a Wing (CD-ROM, 1996)  |c C4227A 
510 4 |a Thomason  |c E.370[9] 
510 4 |a McAlpin Coll.  |c II, pages 415 
533 |a Electronic reproduction.  |b Ann Arbor, Mich. :  |c UMI,  |d 1999-  |f (Early English books online)  |n Digital version of: (Early English books, 1641-1700 ; 2459:6)  |7 s1999 miun s 
610 2 0 |a Church of Scotland  |x History  |v Sources  |v Early works to 1800. 
630 0 4 |a Solemn League and Covenant  |d (1643).  |v Early works to 1800. 
651 4 |a Great Britain  |x History  |y Charles I, 1625-1649  |v Early works to 1800. 
651 4 |a Great Britain  |x Church history  |y 17th century. 
700 1 |a Ker, A. 
830 0 |a Early English books online. 
856 4 0 |u http://proxy.library.tamu.edu/login?url=https://search.proquest.com/docview/2240938266  |z Connect to the full text of this electronic book  |t 0 
999 f f |s 0f25e598-bad7-30a1-9a4f-f9b3555e50f2  |i bf69d1b5-0445-33f9-b317-b3c5c325646c  |t 0 
952 f f |a Texas A&M University  |b College Station  |c Electronic Resources  |d Available Online  |t 0  |h No information provided 
998 f f |t 0  |l Available Online